header

Function spaces, interpolation theory, and related topics (Record no. 220831)

MARC details
000 -LEADER
fixed length control field 01361nam a22003014a 4500
082 04 - DEWEY DECIMAL CLASSIFICATION NUMBER
Classification number 515/.73
245 00 - TITLE STATEMENT
Title Function spaces, interpolation theory, and related topics
260 ## - PUBLICATION, DISTRIBUTION, ETC. (IMPRINT)
Place of publication Berlin ;
-- New York :
Name of publisher Walter de Gruyter,
Year of publication 2002.
300 ## - PHYSICAL DESCRIPTION
Number of Pages x, 462 p. :
Other physical details ill. (some col.).
650 #0 - SUBJECT ADDED ENTRY--TOPICAL TERM
Topical Term Function spaces
Topical Term Interpolation
700 1# - ADDED ENTRY--PERSONAL NAME
Personal name Peetre, Jaak,
Personal name Cwikel, M.
856 40 - ELECTRONIC LOCATION AND ACCESS
Uniform Resource Identifier http://site.ebrary.com/lib/rucke/Doc?id=10194896

No items available.

© 2026 Rongo University
Contact us: librarian | system librarian | Rongo university